000 00389cam a2200169 4500
001 D14489
008 090401t1946 xxu||||| |||| 00| 0 eng d
035 _a(Sirsi) u16023
041 _aeng
100 _aWillis, Arthur J
245 _aTo be a surveyor
260 _aLondon
_bMethuen and Co
_c1946
350 _a0
520 _aShelf 137 : 3 copies
942 _n0
948 _c04/03/1997
999 _c87348
_d87348